| 000 | 00983nam a22002537a 4500 | ||
|---|---|---|---|
| 005 | 20170124102934.0 | ||
| 010 | _aB-118489 | ||
| 020 |
_c125.00 _a8188139319 |
||
| 035 | _aB-118489 | ||
| 037 | _bCen Lib/Ret | ||
| 040 |
_aDPL _bHN |
||
| 082 |
_a821 _bपाठक |
||
| 100 |
_aपाठक, मूलचन्द्र _942810 |
||
| 245 |
_aभर्तृहरि का नीति-शतक / _cमूलचन्द्र पाठक |
||
| 246 |
_aBhartrihari ka neeti-shatak / _bby Moolchandra Pathak |
||
| 260 |
_aदिल्ली _bज्ञान गंगा _c2003 |
||
| 270 |
_a205-c, चावडी बाज़ार _bदिल्ली _e110006 |
||
| 300 |
_a134पृ. _c19सेमी (सजिल्द) |
||
| 650 |
_aसंस्कृत साहित्य _9442 |
||
| 650 |
_aकविताएं _946088 |
||
| 650 |
_aSanskrit Literature _946089 |
||
| 650 |
_aPoems _946090 |
||
| 942 |
_2ddc _cHN _h821 _mपाठक |
||
| 999 |
_c112143 _d112143 |
||